| 000 | 00566nam a22001337a 4500 | ||
|---|---|---|---|
| 008 | 140822b xxu||||| |||| 00| 0 eng d | ||
| 050 | _aKD276.3.L39(1998) | ||
| 245 |
_aThe Law reports (1998): Chancery Division and on appeal therefrom in the court of appeal and decisions in the court of protection. / _cEdited by:Robert Williams, Bernard Agyeman and Carol Ellis |
||
| 260 |
_aLondon: _bButterworth & Co Ltd., _c1998. |
||
| 300 |
_aXvii, 542p.: _c24cm. |
||
| 440 | _pChancery Division. | ||
| 800 |
_aWilliams Robert _aAgyeman Bernard _aEllis Carol |
||
| 942 |
_2lcc _cBK |
||
| 999 |
_c3673 _d11173 |
||